| 000 | 00614nam a2200193Ia 4500 | ||
|---|---|---|---|
| 003 | GCL | ||
| 008 | 140319s9999 xx 000 0 ara d | ||
| 040 |
_aGCL / _cGCL |
||
| 082 | 0 | 4 |
_a813.03 _bج خ |
| 100 | 1 | _aجمال الغيطانى | |
| 245 | 1 | 0 |
_aالخطوط الفاصله: يوميات القلب المفتوح / _cجمال الغيطانى |
| 300 | _a218 ص | ||
| 490 |
_aالهيئة العامة للاستعلامات _v0 |
||
| 650 | 0 | 4 | _aالادب العربى |
| 650 | 0 | 4 | _aالمذكرات |
| 650 | 0 | 4 | _aالتراجم الذاتية |
| 650 | 0 | 4 | _aجمال الغيطانى |
| 942 |
_2ddc _cBK |
||
| 999 |
_c51890 _d51890 |
||